000 00270nam a2200109Ia 4500
008 200302s9999 xx 000 0 und d
100 _aKatrin Hanses
245 _aBasics construction steel construction
260 _bBirkhauser Verlag Gmbh
260 _c2015
300 _a92
999 _c7314
_d7314